000 00343nam a2200133Ia 4500
005 20260328101520.0
008 260328s9999||||xx |||||||||||||| ||und||
100 _aBroto, Eduard
245 0 _aHigh density :
_b Soluciones para el Futuro /
_cEduard Broto
260 _bLinks
300 _a299 p.
650 _aVIVIENDA MULTIFAMILIAR
942 _cBK
999 _c9574
_d9574